Rýsování pro 9. ročník zvláštní školy /

Main Author: Štěpánek, Josef, 1870-1935
Other Authors: Macháček, Vlastimil, 1925-, Král, Jan
Language: Czech
Published: Praha : Státní pedagogické nakladatelství, 1973
Edition: 2. vyd.
Series: Učebnice pro zvláštní školy
Physical Description: 98 s.
Book
Saved in:
LEADER 01107nam a22002892a 4500
001 000332786
003 CZ BrMZK
005 20130918093156.0
007 ta
008 010907s1973 xr f cze d
015 |a cnb000455122 
035 |a (OCoLC)42128166 
040 |a BOA001  |b cze 
100 1 |a Štěpánek, Josef,  |d 1870-1935  |7 ola2003167579  |4 aut 
245 1 0 |a Rýsování pro 9. ročník zvláštní školy /  |c Josef Štěpánek, Jan Král, Vlastimil Macháček 
250 |a 2. vyd. 
260 |a Praha :  |b Státní pedagogické nakladatelství,  |c 1973 
300 |a 98 s. 
490 1 |a Učebnice pro zvláštní školy 
700 1 |a Macháček, Vlastimil,  |d 1925-  |7 jk01072962  |4 aut 
700 1 |a Král, Jan  |7 jx20041011028  |4 aut 
830 0 |a Učebnice pro zvláštní školy  |0 s 
910 |a BOA001  |b 2-0600.923-73  |b PK-0049.107-73 
964 |a Rýsování - učebnice - školy zvláštní 
990 |a BK 
996 6 |b 2619651113  |c 2-0600.923-73  |l HP2  |r DEN  |n 0  |w 000332786  |u 000020  |a 1  |e BOA001  |j MZK50  |s P 
996 7 |b 3119802420  |c PK-0049.107-73  |l MZK  |r Sklad / do 1 hodiny  |n 0  |w 000332786  |u 000010  |a 1  |e BOA001  |j MZK50  |s A